Clinical Aviation Medicine (Record no. 8124)

MARC details
000 -LEADER
fixed length control field 00761nam a2200265 a 4500
001 - CONTROL NUMBER
control field 3263071
003 - CONTROL NUMBER IDENTIFIER
control field OSt
005 - DATE AND TIME OF LATEST TRANSACTION
control field 20231026114007.0
008 - FIXED-LENGTH DATA ELEMENTS--GENERAL INFORMATION
fixed length control field 830711s1982 nyu b 001 0 eng
010 ## - LIBRARY OF CONGRESS CONTROL NUMBER
LC control number 81090716
020 ## - INTERNATIONAL STANDARD BOOK NUMBER
International Standard Book Number 0812112482
Terms of availability $11.95
040 ## - CATALOGING SOURCE
Original cataloging agency DLC
Transcribing agency DLC
Modifying agency DLC
050 00 - LIBRARY OF CONGRESS CALL NUMBER
Classification number RC1062
Item number .R38 1982
082 00 - DEWEY DECIMAL CLASSIFICATION NUMBER
Classification number WB700 R214c 1990
Edition number 19
100 1# - MAIN ENTRY--PERSONAL NAME
Personal name Rayman, Russell B.
9 (RLIN) 16588
245 10 - TITLE STATEMENT
Title Clinical Aviation Medicine
250 ## - EDITION STATEMENT
Edition statement 2nd.
260 ## - PUBLICATION, DISTRIBUTION, ETC. (IMPRINT)
Place of publication, distribution, etc. New York;
Name of publisher, distributor, etc. Vantage Press,
Date of publication, distribution, etc. c1990.
300 ## - PHYSICAL DESCRIPTION
Extent viii, 245 p. ;
Dimensions 21 cm.
504 ## - BIBLIOGRAPHY, ETC. NOTE
Bibliography, etc Includes bibliographical references and index.
650 #0 - SUBJECT ADDED ENTRY--TOPICAL TERM
Topical term or geographic name as entry element Clinical medicine.
9 (RLIN) 10848
650 #0 - SUBJECT ADDED ENTRY--TOPICAL TERM
Topical term or geographic name as entry element Aviation service
9 (RLIN) 16812
906 ## - LOCAL DATA ELEMENT F, LDF (RLIN)
a 7
b cbc
c orignew
d 3
e opcn
f 19
g y-gencatlg
942 ## - ADDED ENTRY ELEMENTS (KOHA)
Source of classification or shelving scheme Other/Generic Classification Scheme
Koha item type Open Shelf
Holdings
Withdrawn status Lost status Source of classification or shelving scheme Damaged status Not for loan Home library Current library Date acquired Source of acquisition Inventory number Total Checkouts Full call number Barcode Date last seen Koha item type
    Other/Generic Classification Scheme     MUST Main Library MUST Main Library 31/03/2023 Purchase 93/6787   WB700 R214c 1990 2023-0432 31/03/2023 Open Shelf